[Event "23rd ETCC Open 2021"]
[Site "Catez"]
[Date "2021.11.18"]
[Round "6.34"]
[White "Tisaj, Domen"]
[Black "Keymer, Vincent"]
[Result "0-1"]
[WhiteElo "2369"]
[BlackElo "2639"]
[Annotator "TA"]
[PlyCount "92"]
[EventDate "2021.11.08"]
[EventType "team-tourn"]
[EventCountry "SLO"]
[SourceTitle "playchess.com"]
[Source "ChessBase"]
[SourceQuality "1"]
[WhiteTeam "Slovenia"]
[BlackTeam "Germany"]
[WhiteTeamCountry "SLO"]
[BlackTeamCountry "GER"]

{[%evp 17,92,9,9,4,17,19,12,9,8,2,23,27,56,39,71,66,78,-10,0,-4,0,-13,14,0,0,
-19,-26,-41,-47,-93,-87,-97,-77,-80,-106,-209,-180,-186,-122,-125,-93,-172,
-166,-265,-185,-177,-197,-257,-270,-343,-309,-447,-358,-483,-465,-421,-442,
-406,-398,-472,-446,-515,-508,-1586,-1578,-2188,-2050,-1450,-835,-1772,-1544,
-1158,-1025,-29984,-29985,-29991,-29984]} 1. d4 Nf6 2. c4 e6 3. g3 d5 4. Bg2
Bb4+ 5. Nd2 O-O 6. Ngf3 b6 7. O-O Bb7 8. a3 Be7 9. cxd5 {The main line 9.cxd5
scores better than 9.b4.} exd5 10. b4 {[%cal Bb2b4,Bb4b5][%mdl 32] E16:
Queen's Indian: 4 g3 Bb7 5 Bg2 Bb4+.} a5 11. b5 c6 12. Qa4 {[#] The position
is equal.} Bd6 $146 ({Predecessor:} 12... cxb5 13. Qxb5 Ba6 14. Qb2 Nc6 15. Ne5
Rc8 16. Ndf3 Ne4 17. Bf4 Nxe5 18. Nxe5 f6 {1-0 (40) Ferreira,J (2516)
-Cheparinov,I (2659) Ciudad Real 2021}) 13. Ne5 Qe8 14. Rb1 Bc7 15. Qc2 c5 16.
Nd3 Bd6 17. Nf3 (17. dxc5 $16 bxc5 18. e4 (18. Nxc5 Qc8 $17) 18... dxe4 19.
Nxc5 Bxc5 20. Qxc5) 17... Qe7 18. a4 Nbd7 19. Bf4 Rac8 20. Bxd6 Qxd6 21. Rfd1
cxd4 22. Qb2 Ne4 23. Ra1 Nc3 24. Rd2 Qf6 {Hoping for ...Rc4.} 25. Bh3 Rfd8 26.
Kg2 (26. Nf4 $17 {was worth a try.}) 26... h6 27. Ra3 Ne4 (27... Rc4 $19 28.
Bxd7 Rxd7) 28. Rd1 $17 Rc3 29. Bxd7 Rxd7 30. Nde1 (30. Nf4 $142) 30... g5 {
...g4 is the strong threat.} 31. h3 h5 {Strongly threatening ...g4.} 32. Nd3 (
32. Rxd4 $142 Rc8 33. e3) 32... Rdc7 $19 33. Re1 Bc8 34. h4 (34. Qa2 $142)
34... Bf5 35. hxg5 Nxg5 36. Nxg5 Qxg5 37. Rxc3 dxc3 ({Don't play} 37... Rxc3
38. Rd1 $19) 38. Qa3 Be4+ ({Less strong is} 38... Qg4 39. Qd6 $19) 39. Kf1 c2
40. Nf4 (40. Qd6 $142 Rc3 41. Nc1) 40... h4 41. Rc1 h3 42. Nxh3 Qh6 43. Ng1 {
[#]} Rc3 $3 {[%mdl 512]} 44. Qa1 Rb3 45. e3 Rb1 46. Qa3 Qh5 {Weighted Error
Value: White=0.66/Black=0.34} 0-1

[Event "23rd ETCC Open 2021"]
[Site "Catez"]
[Date "2021.11.18"]
[Round "6.35"]
[White "Bluebaum, Matthias"]
[Black "Brilej, Jaka"]
[Result "1-0"]
[WhiteElo "2647"]
[BlackElo "2341"]
[Annotator "TA"]
[PlyCount "51"]
[EventDate "2021.11.08"]
[EventType "team-tourn"]
[EventCountry "SLO"]
[SourceTitle "playchess.com"]
[Source "ChessBase"]
[SourceQuality "1"]
[WhiteTeam "Germany"]
[BlackTeam "Slovenia"]
[WhiteTeamCountry "GER"]
[BlackTeamCountry "SLO"]

{[%evp 24,51,15,20,45,40,47,33,71,86,90,68,64,50,45,30,122,128,335,337,427,424,
564,530,517,292,1820,1761,1642,1628]} 1. c4 Nf6 2. Nf3 c5 3. Nc3 d5 4. cxd5
Nxd5 5. d4 e6 6. e4 Nxc3 7. bxc3 cxd4 8. cxd4 Bb4+ 9. Bd2 Bxd2+ 10. Qxd2 O-O
11. Bc4 Nc6 12. O-O b6 13. Rad1 Ne7 {D41: Queen's Gambit Declined:
Semi-Tarrasch with 5 cxd5.} 14. Rfe1 Bb7 15. h4 $5 {[%mdl 4] Exploring less
charted territory.} Rc8 {White is slightly better.} 16. Bb3 Qd6 17. h5 h6 $1
18. Ne5 Rcd8 19. Qe3 {[#]} Ba6 $146 {[#]} (19... Ba8 $11) ({Predecessor:} 19...
Qb4 20. Re2 Nc8 21. Ng4 Nd6 22. Qg3 Nxe4 23. Rxe4 Bxe4 24. Nf6+ Kh8 25. Nxe4
Rxd4 26. Rxd4 Qxd4 {1/2-1/2 (44) Delemarre,J-Donk,M Groningen 1994}) 20. Ng4 $1
$16 Rd7 $2 {Loses the game.} (20... Kh7 $16) 21. Nxh6+ $18 Kh7 22. Ng4 f5 23.
exf5 Nxf5 24. Qxe6 Nxd4 $2 {[#]} (24... Qxe6 25. Bxe6 Rd6) 25. Qe4+ Kh8 26. Ne5
{Weighted Error Value: White=0.18/Black=0.56} 1-0

[Event "23rd ETCC Open 2021"]
[Site "Catez"]
[Date "2021.11.18"]
[Round "6.36"]
[White "Stevanic, David"]
[Black "Svane, Rasmus"]
[Result "0-1"]
[WhiteElo "2318"]
[BlackElo "2628"]
[Annotator "TA"]
[PlyCount "80"]
[EventDate "2021.11.08"]
[EventType "team-tourn"]
[EventCountry "SLO"]
[SourceTitle "playchess.com"]
[Source "ChessBase"]
[SourceQuality "1"]
[WhiteTeam "Slovenia"]
[BlackTeam "Germany"]
[WhiteTeamCountry "SLO"]
[BlackTeamCountry "GER"]

{[%evp 9,80,-6,4,-23,-20,-20,-10,-43,-20,-22,-10,-39,-39,-43,-31,-89,-88,-108,
-110,-121,-110,-145,-131,-143,-142,-120,-143,-126,-106,-180,-180,-172,-170,
-168,-8,-16,0,0,0,0,0,0,0,0,0,-316,-466,-453,-467,-445,-453,-405,-400,-668,
-661,-660,-659,-820,-771,-29975,-29977,-29976,-29977,-29954,-12704,-29991,
-29992,-29994,-29995,-29995,-29996,-29996,-29997]} 1. e4 c6 2. d4 d5 3. f3 e6
4. Nc3 Nd7 5. Be3 Bb4 6. Qd2 {B12: Caro-Kann: Advance Variation.} dxe4 7. fxe4
Ngf6 {[#]} 8. Qd3 $146 {The position is equal.} (8. e5 $5 {[%cal Re5f6]} Nd5 9.
a3 Bxc3 10. bxc3 $11) ({Predecessor:} 8. O-O-O Nxe4 9. Qd3 Nxc3 10. bxc3 Ba3+
11. Kd2 O-O 12. Nf3 Qc7 13. Ng5 Nf6 14. Ke2 {0-1 (34) Scheiwe,C-Lehmann,R
Germany 2005}) 8... c5 9. Nf3 Qa5 10. Nd2 cxd4 11. Bxd4 e5 $1 {[%cal Re5d4]}
12. Bf2 (12. Be3 $15) 12... O-O $17 13. Be2 Nc5 14. Bxc5 Qxc5 ({Reject} 14...
Bxc5 $6 15. Nb3 $11) 15. Nd5 Bxd2+ 16. Kxd2 Nxd5 17. exd5 Rd8 18. c4 b5 {
Hoping for ...Bb7.} 19. b3 (19. Qe3 $17 {might work better.} Qb4+ 20. Qc3)
19... bxc4 $19 20. bxc4 {[#]} e4 $1 {[%cal Re4d3]} 21. Qxe4 Bd7 $2 ({Black
should play} 21... Qa5+ $19 22. Ke3 f5) 22. Qe3 $11 Qd6 23. Qd4 $1 Re8 {
Threatens to win with ...Qb4+.} 24. Bd3 Qb4+ 25. Qc3 $1 {[%cal Rc3b4]} Qc5 $36
{[%mdl 2048] Black has some pressure.} 26. Rae1 Qf2+ 27. Re2 $2 {[%mdl 8192]} (
27. Kc1 $11) 27... Rxe2+ $19 28. Bxe2 Re8 29. Re1 Bg4 {[%cal Rg4e2]} 30. Qd3
Qf4+ 31. Kd1 (31. Kc3 $142) 31... Re3 32. Qd2 {Black must now prevent Bxg4.}
Qe4 33. Qb2 {aiming for Qb8+.} h5 34. d6 Rd3+ 35. Kc1 Qe3+ 36. Kb1 Rd2 {
[%mdl 64] [#] ( -> ...Bf5+). Double Attack} 37. Qb8+ Kh7 {Black mates.} 38. Qb3
Bf5+ 39. Kc1 Rc2+ 40. Kb1 Rxe2+ {[%mdl 64] Discovered Attack.  Weighted Error
Value: White=0.74/Black=0.09} 0-1

[Event "23rd ETCC Open 2021"]
[Site "Catez"]
[Date "2021.11.18"]
[Round "6.37"]
[White "Bogner, Sebastian"]
[Black "McShane, Luke J"]
[Result "1/2-1/2"]
[WhiteElo "2574"]
[BlackElo "2667"]
[Annotator "TA"]
[PlyCount "85"]
[EventDate "2021.11.08"]
[EventType "team-tourn"]
[EventCountry "SLO"]
[SourceTitle "playchess.com"]
[Source "ChessBase"]
[SourceQuality "1"]
[WhiteTeam "Switzerland"]
[BlackTeam "England"]
[WhiteTeamCountry "SUI"]
[BlackTeamCountry "ENG"]

{[%evp 12,85,19,22,37,29,26,30,33,26,32,36,31,22,31,23,52,48,62,46,42,56,56,43,
56,37,80,81,119,116,110,122,104,122,119,119,119,119,120,117,122,112,122,116,
225,225,214,208,229,206,231,153,127,8,4,0,0,0,0,0,31,0,2,0,0,0,0,0,0,0,10,0,0,
0,0,0]} 1. e4 e5 2. Nf3 Nc6 3. Bb5 Nf6 4. O-O Nxe4 5. Re1 Nd6 6. Nxe5 Be7 7.
Bf1 Nf5 {C67: Ruy Lopez: Berlin Defence: 4 0-0 Nxe4.} 8. Nf3 d5 9. d4 O-O {
White has an edge.} 10. a4 {[%cal Ba2a4,Ba4a5][%mdl 32] [#]} Nd6 $146 ({
Predecessor:} 10... Re8 11. Na3 a6 12. c3 Bd6 13. Rxe8+ Qxe8 14. b4 Bd7 15. Nc2
Nce7 16. Nce1 a5 {1-0 (56) Vachier Lagrave,M (2763)-So,W (2778) chess24.com
INT 2021}) 11. c3 Ne4 12. a5 a6 13. Qb3 f5 14. c4 Bf6 15. cxd5 Nxd4 16. Nxd4
Bxd4 17. Be3 Bxe3 18. Rxe3 Kh8 19. Nc3 Nd2 20. Qb4 Qd6 21. Qxd6 cxd6 22. Re7
Rb8 {[#]} 23. Na4 $1 $40 {[%mdl 128] Black is in trouble.} f4 {[#]} 24. Bd3 $1
Bf5 25. Bxf5 Rxf5 26. Nb6 Kg8 27. b4 Re5 (27... Rg5 $16) 28. Rxe5 $18 dxe5 {
[%mdl 4096] Endgame KRN-KRN} 29. Re1 Kf7 30. f3 ({But not} 30. Rxe5 $6 Re8 $16)
30... Re8 31. Rc1 e4 32. fxe4 (32. Kf2 $16) 32... Nxe4 $11 33. Rc7+ Re7 34. Rc4
g5 35. Nc8 Re8 36. Rxe4 {aiming for Nd6+.} Rxc8 $14 {KR-KR. The position is
equal.} 37. d6 {Threatens to win with Re7+.} Re8 38. Rc4 Ke6 39. Rc7 {[%mdl 64]
Double Attack} Kxd6 40. Rxb7 Re4 41. Rxh7 Rxb4 42. Rh6+ Ke5 43. Rxa6 {White
really could win this.  Weighted Error Value: White=0.09/Black=0.10} 1/2-1/2

[Event "23rd ETCC Open 2021"]
[Site "Catez"]
[Date "2021.11.18"]
[Round "6.38"]
[White "Jones, Gawain C B"]
[Black "Pelletier, Yannick"]
[Result "1-0"]
[WhiteElo "2654"]
[BlackElo "2564"]
[Annotator "TA"]
[PlyCount "77"]
[EventDate "2021.11.08"]
[EventType "team-tourn"]
[EventCountry "SLO"]
[SourceTitle "playchess.com"]
[Source "ChessBase"]
[SourceQuality "1"]
[WhiteTeam "England"]
[BlackTeam "Switzerland"]
[WhiteTeamCountry "ENG"]
[BlackTeamCountry "SUI"]

{[%evp 9,76,9,34,26,41,49,100,110,109,110,118,104,144,127,137,150,123,54,68,82,
60,62,68,43,68,30,64,15,19,7,15,8,10,0,14,0,0,0,0,-32,0,-22,12,0,0,2,0,0,128,
99,106,63,161,111,797,767,793,770,29945,262,387,0,12804,12794,5214,5210,29998,
29999,29999]} 1. e4 c6 2. d4 d5 3. e5 Bf5 4. g4 Bd7 5. Nc3 c5 6. dxc5 {[#] B12:
Caro-Kann: Advance Variation.} ({But not} 6. Nxd5 $2 Bc6 $19) 6... Nc6 $146 ({
Predecessor:} 6... e6 7. Be3 Qc7 8. Nb5 Bxb5 9. Bxb5+ Nc6 10. c3 Nge7 11. f4
O-O-O 12. Nf3 f6 13. Bxc6 Nxc6 14. Nd4 Qd7 15. Nf3 Qc7 16. Bd4 g5 17. Qd2 gxf4
18. Qxf4 Bg7 19. Qg3 fxe5 {1/2-1/2 (19) Damianou,I (1945)-Florentiades,M (2052)
Larnaca 2018}) 7. Qxd5 {Threatens to win with Qe4.} Bxg4 (7... e6 $14 8. Qe4
Bxc5) 8. Qg2 $16 {White is better.} Qd7 9. Bb5 O-O-O {( -> ...Qd1+!)} 10. Nge2
f6 11. Be3 {Strongly threatening Nd4!} fxe5 12. Bxc6 bxc6 13. Rd1 (13. b4 $16)
13... Qe6 $14 14. Rxd8+ Kxd8 15. Ng3 {aiming for h3.} g6 16. f3 Bf5 17. O-O Nf6
18. Rd1+ Ke8 $1 19. Qd2 Kf7 20. Bg5 Bg7 21. Bxf6 Bxf6 22. Nce4 h5 23. Nxf6 Kxf6
24. h4 Kg7 25. Qg5 Rf8 26. Nxh5+ Kh7 27. Ng3 {With the idea c3.} Bxc2 28. Re1
e4 (28... Rxf3 $11 29. Rxe5 Qf7) 29. fxe4 Bd3 30. h5 Rf6 ({Black should try} 
30... gxh5 $1 $14 31. Qxh5+ (31. Re3 Bb5 $16) 31... Qh6) 31. Re3 Qc4 {[%mdl
8192]} (31... Bb1 $16) 32. hxg6+ $18 Rxg6 33. Qxe7+ {[%mdl 64] Double Attack}
Kh6 34. Qh4+ $2 (34. Kf2 {mates} Qc2+ 35. Re2 $1 {[%mdl 512]} Qxe2+ 36. Nxe2
Bxe2 37. Kxe2 Rg2+ 38. Ke3 Rg7 39. Qd6+ Kh7 40. Qxc6 Rg3+ 41. Kf4) 34... Kg7
35. Qe7+ $2 (35. Kg2 Qd4 {[#]} 36. Kh1 $1 {[%mdl 512]} (36. Qe7+ Kg8 $11))
35... Kh6 36. Kf2 {White wants to mate with Nf5+.} Qc2+ {[#]} 37. Re2 $1 {
Nf5+ would kill now.} Bxe2 (37... Bxe4 38. Rxc2) 38. Nf5+ Kh5 39. Qh4# {
Weighted Error Value: White=0.62/Black=0.68} 1-0

[Event "23rd ETCC Open 2021"]
[Site "Catez"]
[Date "2021.11.18"]
[Round "6.39"]
[White "Georgiadis, Nico"]
[Black "Howell, David W L"]
[Result "1/2-1/2"]
[WhiteElo "2553"]
[BlackElo "2648"]
[Annotator "TA"]
[PlyCount "87"]
[EventDate "2021.11.08"]
[EventType "team-tourn"]
[EventCountry "SLO"]
[SourceTitle "playchess.com"]
[Source "ChessBase"]
[SourceQuality "1"]
[WhiteTeam "Switzerland"]
[BlackTeam "England"]
[WhiteTeamCountry "SUI"]
[BlackTeamCountry "ENG"]

{[%evp 9,87,20,16,16,16,12,32,12,12,12,22,22,25,22,17,18,33,28,35,28,37,37,31,
37,30,37,31,37,37,25,25,0,25,21,27,27,97,80,80,80,75,83,75,75,83,81,101,100,89,
96,97,91,120,129,133,111,110,80,200,21,100,94,96,0,79,0,97,105,83,107,72,36,29,
11,11,11,14,0,0,0]} 1. e4 e5 2. Nf3 Nc6 3. Bb5 Nf6 4. d3 Bc5 5. Bxc6 dxc6 6.
O-O {C65: Ruy Lopez: Berlin Defence (3...Nf6), unusual lines and 4 0-0 Bc5.}
Nd7 7. c3 $1 {[%mdl 4] is more profitable than 7.Nbd2 at the moment.} h6 8. d4
{White is slightly better.} Bd6 9. Nbd2 O-O 10. Nc4 {[%cal Rd4e5]} exd4 11.
Nxd4 {[#]} Re8 $146 ({Predecessor:} 11... Nc5 12. f3 Re8 13. Be3 Bf8 14. Qc2 a5
15. Rad1 Qe7 16. Bf2 f6 17. b3 Qf7 {0-1 (76) Ponomariov,R (2631)-Howell,D 
(2658) Riga 2021}) 12. Re1 Ne5 13. Nxd6 cxd6 14. Bf4 Ng6 15. Bg3 d5 16. exd5
Rxe1+ 17. Qxe1 Qxd5 18. Qe8+ Kh7 {[#] Strongly threatening ...Bh3!} 19. f3 a6
20. Nc2 c5 21. a4 b5 22. Ne3 Qb7 (22... Bf5 $11 23. Qxb5 (23. Nxd5 Rxe8 24. Nc7
Re2 $14) 23... axb5 24. Nxd5 bxa4) 23. axb5 $16 axb5 24. Rxa8 Qxa8 {[#]} 25. h4
$1 Qb7 26. h5 $36 {[%mdl 2048] White is in control.} Nh8 27. Qe5 c4 28. Nd5 f6
29. Qe4+ f5 30. Qd4 Nf7 31. Qc5 Ng5 32. Ne7 Be6 33. Ng6 ({Reject} 33. Nxf5
Nxf3+ 34. Kf2 (34. gxf3 $2 Qxf3 {[%mdl 64] Double Attack} 35. Qf2 Qxf5 $19)
34... Ng5 $15) 33... Qc8 (33... Bf7 $16) 34. Qe7 $2 ({White should try} 34.
Qxb5 $18 {Bf4 is the strong threat.} Qa8 35. Nf4) 34... Bg8 (34... Bf7 $11 {
remains equal.}) 35. Nf8+ Kh8 36. Ng6+ (36. Be5 {with more complications.} Bf7
37. Ng6+ Kg8 38. Qa7 Qe8 39. Ne7+) 36... Kh7 37. Nf8+ (37. Bd6 {is more
complex.} Ne6 38. Nh4 Qa8 39. Nxf5 Qd5 40. Ng3) 37... Kh8 38. Be5 {[%csl Ge7]
[%cal Re5g7]} Bf7 39. Ng6+ Kg8 40. Kh2 {Hoping for Qxg5!} Ne6 41. Bd6 Qe8 {
The position is equal.} 42. Qxe8+ Bxe8 43. Ne7+ Kh7 44. Nxf5 {Weighted Error
Value: White=0.19/Black=0.16} 1/2-1/2

[Event "23rd ETCC Open 2021"]
[Site "Catez"]
[Date "2021.11.18"]
[Round "6.40"]
[White "Haria, Ravi"]
[Black "Kurmann, Oliver"]
[Result "1/2-1/2"]
[WhiteElo "2497"]
[BlackElo "2458"]
[Annotator "ChessBase"]
[PlyCount "138"]
[EventDate "2021.11.08"]
[EventType "team-tourn"]
[EventCountry "SLO"]
[SourceTitle "playchess.com"]
[Source "ChessBase"]
[SourceQuality "1"]
[WhiteTeam "England"]
[BlackTeam "Switzerland"]
[WhiteTeamCountry "ENG"]
[BlackTeamCountry "SUI"]
[TimeControl "40/5400+30:1800+30"]

1. e4 c5 2. Nf3 e6 3. Nc3 Nc6 4. Bb5 Nd4 5. O-O a6 6. Bd3 Nc6 7. Nd5 Bd6 8. Ne3
Bc7 9. c3 d5 10. exd5 exd5 11. Re1 Nge7 12. b4 c4 13. Bc2 O-O 14. d3 b5 15.
dxc4 dxc4 16. Qe2 Qd6 17. a4 Rb8 18. axb5 axb5 19. Rd1 Qf6 20. Nd5 Nxd5 21.
Rxd5 Nxb4 22. Rd4 Nxc2 23. Qxc2 h6 24. Be3 Bb7 25. Rd7 Qc6 26. Rad1 Rbe8 27.
R7d4 Re4 28. Rxe4 Qxe4 29. Qxe4 Bxe4 30. Nd4 Rb8 31. f3 Bd3 32. Nc6 Ra8 33. Na7
Rb8 34. Nc6 Re8 35. Kf2 Bxh2 36. Nb4 Bg3+ 37. Kxg3 Rxe3 38. Kf4 Re2 39. Kg3 Re3
40. Kf4 Re2 41. Kg3 Bg6 42. Rd8+ Kh7 43. Rb8 Rb2 44. Nd5 Bd3 45. Rb7 Bf5 46.
Ne3 Be6 47. f4 g6 48. Kf3 Rb3 49. g4 Rxc3 50. Ke4 Kg7 51. f5 Rxe3+ 52. Kxe3
gxf5 53. gxf5 Bxf5 54. Rxb5 Kg6 55. Kf4 Bd3 56. Rc5 f6 57. Rc7 Kh5 58. Rc6 f5
59. Rc7 Kh4 60. Rd7 h5 61. Rg7 Kh3 62. Ke3 h4 63. Rg8 Kh2 64. Rh8 h3 65. Kf2 c3
66. Rc8 c2 67. Rc7 Be4 68. Rc5 Bd3 69. Rc7 Be4 1/2-1/2

[Event "23rd ETCC Open 2021"]
[Site "Catez"]
[Date "2021.11.18"]
[Round "6.41"]
[White "Christiansen, Johan-Sebastian"]
[Black "Pechac, Jergus"]
[Result "1-0"]
[WhiteElo "2582"]
[BlackElo "2562"]
[Annotator "TA"]
[PlyCount "146"]
[EventDate "2021.11.08"]
[EventType "team-tourn"]
[EventCountry "SLO"]
[SourceTitle "playchess.com"]
[Source "ChessBase"]
[SourceQuality "1"]
[WhiteTeam "Norway"]
[BlackTeam "Slovakia"]
[WhiteTeamCountry "NOR"]
[BlackTeamCountry "SVK"]

{[%evp 9,146,21,20,-9,-14,-7,-4,-5,-16,-11,0,-5,0,0,26,-15,25,2,2,0,0,0,66,52,
72,62,66,62,135,172,197,192,239,231,236,237,270,279,256,268,349,349,336,340,
443,278,268,295,260,286,343,339,472,462,504,526,517,505,442,377,453,470,419,
415,522,490,466,0,454,453,566,551,530,538,571,533,681,655,566,476,596,564,647,
536,608,594,604,596,614,593,696,515,696,668,808,805,804,803,800,786,763,758,
825,825,809,793,835,739,883,854,1031,1005,991,981,919,846,784,618,1144,1134,
1105,1053,1102,1089,1036,1024,1274,1214,1150,1183,1151,1144,1076,816,927,895,
1217,1295,12843]} 1. e4 d5 2. exd5 Qxd5 3. Nc3 Qd6 4. d4 Nf6 5. Nb5 Qb6 6. a4 {
B01: Scandinavian Defence.} (6. Nf3 {is more complex.} Bg4 7. Na3 Nbd7 8. c3 e5
9. Nc4) 6... a6 7. Na3 {[#]} e5 $146 ({Predecessor:} 7... Bf5 8. Nf3 Nbd7 9.
Be2 c6 10. O-O Qc7 11. Nc4 h6 12. g3 Nd5 13. Ne3 Nxe3 14. Bxe3 {1/2-1/2 (40)
Tjurin,A (2339)-Pogromsky,M (2413) Khanty-Mansiysk 2008}) 8. Nf3 {The position
is equal.} exd4 9. Nc4 $1 {[%cal Rc4b6]} Bb4+ 10. Bd2 Qe6+ 11. Be2 Bc5 (11...
d3 {looks sharper.} 12. cxd3 Nc6 13. d4 Qe7 14. Bc3 Nd5) 12. O-O (12. b4 {
is interesting.} Ba7 13. O-O O-O 14. Re1 Qd5 15. Nce5) 12... O-O 13. b4 Ba7 14.
Bd3 Qd5 15. Re1 Nbd7 ({Better is} 15... Bg4 $11) 16. Bg5 $14 {[%mdl 1024]
White has compensation.} h6 17. Bh4 c6 18. Qd2 b5 {Black is now going downhill.
} ({Black should play} 18... c5 $14) 19. Nce5 $1 $16 Nxe5 20. Nxe5 {aiming for
Bxf6.} (20. Rxe5 Qd6 $14) 20... Ng4 {[#]} 21. Nxc6 {[%mdl 512]} Qxc6 {[#]} 22.
Be4 {[%cal Re4c6]} Qb6 {[#] And now ...Rb8 would win.} 23. a5 $1 {[%cal Ra5b6]}
({Inferior is} 23. Bxa8 Qb8 $11) 23... Qd6 24. Bg3 Qf6 25. Bxa8 Bf5 26. Be4 Rc8
27. h3 Ne3 28. Bxf5 (28. fxe3 Bxe4 29. Qf2 Qg6 $17) 28... Nxf5 29. Be5 Qg6 30.
Qd3 Rc3 31. Qe4 Rxh3 32. Rad1 Rh4 33. Qf3 Kh7 34. Re4 f6 35. Bc7 Rh5 36. Rg4
Qe8 37. Rf4 Qg6 38. Rg4 Qe8 39. Qe4 {White is clearly winning.} Qd7 40. Bb6 Bb8
41. Rxd4 Qf7 {[#]} 42. Rh4 {[%mdl 512]} Rg5 {intending ...Qg6.} (42... Rxh4 43.
Qxf5+) 43. Rd8 Qg6 44. Rh3 ({Less strong is} 44. Rxb8 Nxh4 45. Qxg6+ (45. Qxh4
$2 Rxg2+ 46. Kf1 Rg1+ 47. Ke2 Qxc2+ 48. Kf3 Qd1+ 49. Ke4 Qc2+ 50. Kf3 Qd1+ 51.
Ke4 Qc2+ 52. Kf3 $19) 45... Kxg6 $16) 44... Bd6 45. Bc5 Bc7 46. Rc8 Rg4 47. Qa8
{[%csl Ga8][%cal Rc8h8]} Qf7 48. Qf3 Rg5 49. Qb3 Qd7 {[%cal Rd7d1]} 50. Qg8+
Kg6 {[%cal Rd7d1]} 51. Rd3 Qc6 {[%csl Gg5][%cal Rc6g2]} 52. Qe8+ Qxe8 53. Rxe8
Rg4 54. Re6 Rc4 55. c3 Be5 56. Rxa6 Bxc3 57. Rb6 Bxb4 58. Bxb4 Rxb4 $18 {
[%mdl 4096] Endgame KRR-KRN} 59. a6 {[%cal Ba5a6,Ba6a7][%mdl 32]} Ra4 60. Rd7
Nd4 61. a7 Ne2+ 62. Kf1 Nf4 63. Ke1 Ra1+ 64. Kd2 Ra2+ 65. Kc1 Ne2+ 66. Kd1 Nc3+
67. Ke1 Ra1+ 68. Kd2 Ne4+ 69. Ke3 Nc5 70. Rc7 Ra3+ 71. Ke2 Ra2+ 72. Kd1 Nd3 73.
Rb8 Rb2 {Weighted Error Value: White=0.19/Black=0.36} 1-0

[Event "23rd ETCC Open 2021"]
[Site "Catez"]
[Date "2021.11.18"]
[Round "6.42"]
[White "Druska, Juraj"]
[Black "Urkedal, Frode Olav Olsen"]
[Result "1/2-1/2"]
[WhiteElo "2508"]
[BlackElo "2569"]
[Annotator "ChessBase"]
[PlyCount "72"]
[EventDate "2021.11.08"]
[EventType "team-tourn"]
[EventCountry "SLO"]
[SourceTitle "playchess.com"]
[Source "ChessBase"]
[SourceQuality "1"]
[WhiteTeam "Slovakia"]
[BlackTeam "Norway"]
[WhiteTeamCountry "SVK"]
[BlackTeamCountry "NOR"]
[TimeControl "40/5400+30:1800+30"]

1. e4 e5 2. Nf3 Nc6 3. Bc4 Nf6 4. Ng5 d5 5. exd5 Na5 6. Bb5+ c6 7. dxc6 bxc6 8.
Bd3 Nd5 9. Nf3 Bd6 10. O-O Nf4 11. Re1 Nxd3 12. cxd3 O-O 13. Nxe5 c5 14. d4
cxd4 15. d3 Re8 16. Nf3 Bg4 17. Rxe8+ Qxe8 18. Nbd2 Nc6 19. h3 Bh5 20. Ne4 Bc7
21. Ng3 Bxg3 22. fxg3 Ne5 23. g4 Bg6 24. Ne1 Qb5 25. Qb3 Qxb3 26. axb3 Nxd3 27.
Nxd3 Bxd3 28. Ra4 Bc2 29. Rxd4 Bxb3 30. Rb4 Be6 31. Bd2 h6 32. Bc3 Rd8 33. Kf2
Rd1 34. Ra4 Rc1 35. Rd4 Rc2+ 36. Rd2 Rxd2+ 1/2-1/2

[Event "23rd ETCC Open 2021"]
[Site "Catez"]
[Date "2021.11.18"]
[Round "6.43"]
[White "Hauge, Lars Oskar"]
[Black "Petenyi, Tamas"]
[Result "1-0"]
[WhiteElo "2490"]
[BlackElo "2458"]
[Annotator "ChessBase"]
[PlyCount "117"]
[EventDate "2021.11.08"]
[EventType "team-tourn"]
[EventCountry "SLO"]
[SourceTitle "playchess.com"]
[Source "ChessBase"]
[SourceQuality "1"]
[WhiteTeam "Norway"]
[BlackTeam "Slovakia"]
[WhiteTeamCountry "NOR"]
[BlackTeamCountry "SVK"]
[TimeControl "40/5400+30:1800+30"]

1. e4 c5 2. Nf3 e6 3. Nc3 a6 4. d4 cxd4 5. Nxd4 d6 6. f4 Nf6 7. Qf3 Be7 8. Be3
Qc7 9. Bd3 Nbd7 10. O-O b5 11. a3 Bb7 12. Rae1 g6 13. Qh3 e5 14. fxe5 Nxe5 15.
Kh1 Nfg4 16. Bg1 O-O 17. Nde2 Bg5 18. Nf4 Rae8 19. Nfd5 Qc8 20. Rd1 h5 21. Qg3
h4 22. Qe1 f5 23. h3 Nf6 24. Be3 Nxd5 25. Bxg5 Nxc3 26. bxc3 Bxe4 27. Qxh4 Bxd3
28. cxd3 Rf7 29. d4 Rh7 30. Qg3 Nc4 31. Rde1 Rf7 32. Rxe8+ Qxe8 33. Re1 Qd7 34.
Bf4 Rf6 35. d5 Nb6 36. Bg5 f4 37. Qf2 Rf5 38. Re7 Rxg5 39. Rxd7 Nxd7 40. Qa7
Nf8 41. Qxa6 Rxd5 42. Qc6 Rd1+ 43. Kh2 Rd2 44. Kg1 Kf7 45. Qxb5 Ne6 46. a4 Kf6
47. a5 Nc5 48. Qb1 g5 49. c4 Re2 50. a6 Nxa6 51. Qa1+ Ke6 52. Qxa6 Re5 53. Kf2
Rc5 54. Kf3 Ke5 55. Kg4 Ke6 56. Qa8 Kf6 57. Qd8+ Ke6 58. Qxg5 Rxg5+ 59. Kxg5
1-0

[Event "23rd ETCC Open 2021"]
[Site "Catez"]
[Date "2021.11.18"]
[Round "6.44"]
[White "Sahidi, Samir"]
[Black "Notkevich, Benjamin Arvola"]
[Result "1-0"]
[WhiteElo "2432"]
[BlackElo "2471"]
[Annotator "ChessBase"]
[PlyCount "87"]
[EventDate "2021.11.08"]
[EventType "team-tourn"]
[EventCountry "SLO"]
[SourceTitle "playchess.com"]
[Source "ChessBase"]
[SourceQuality "1"]
[WhiteTeam "Slovakia"]
[BlackTeam "Norway"]
[WhiteTeamCountry "SVK"]
[BlackTeamCountry "NOR"]
[TimeControl "40/5400+30:1800+30"]

1. d4 d5 2. Nf3 e6 3. c4 c6 4. Nbd2 Nd7 5. g3 f5 6. Bg2 Ngf6 7. O-O Bd6 8. b3
a5 9. a4 Ne4 10. Ba3 Bb4 11. Bxb4 axb4 12. Nxe4 dxe4 13. Ne1 c5 14. f3 exf3 15.
exf3 Qb6 16. d5 e5 17. Ra2 O-O 18. Nd3 f4 19. Bh3 fxg3 20. hxg3 Qh6 21. Be6+
Kh8 22. Qe1 b6 23. Bxd7 Bxd7 24. Rh2 Qf6 25. Nxe5 Bf5 26. f4 Rae8 27. Qf2 Kg8
28. g4 Be4 29. Nd7 Qc3 30. Nxf8 Rxf8 31. Qe1 Qd4+ 32. Rhf2 Rxf4 33. Kh2 Rf6 34.
Rxf6 gxf6 35. Qf2 Qe5+ 36. Qf4 Qb2+ 37. Rf2 Qb1 38. Qxf6 Qh1+ 39. Kg3 Qg1+ 40.
Kh4 Qh1+ 41. Kg5 h6+ 42. Qxh6 Qc1+ 43. Rf4 Bc2 44. d6 1-0